000 00515nam a2200169 i 4500
001 86115
003 ES-MaACL
005 20230906175357.0
007 t|
008 041207s1971 sp ||||1| spa d
100 1 _aKaldor, Nicholas.
_967443
245 1 0 _aEnsayos sobre política económica /
_cNicholas Kaldor ; [traducción por Agustín Gil Lasierra].
260 _aMadrid :
_bTecnos,
_c[1971]
300 _a623 p. ;
_c24 cm.
700 1 _aGil Lasierra, Agustín.
_956831
852 _aES-MaACL
_jC-38199
_bR.78882
999 _c86115
_d86115